|
|
|
|
| LEADER |
01528nam a2200289 a 4500 |
| 001 |
00025577 |
| 008 |
120712t20112001enka b 001 0 eng d |
| 020 |
|
|
|a 9780521805162
|
| 020 |
|
|
|a 9780521801270
|
| 040 |
|
|
|a BD-DhAAL
|c BD-DhAAL
|
| 082 |
0 |
0 |
|a 428.0071/1
|2 22
|
| 999 |
|
|
|c 12563
|d 12563
|
| 999 |
|
|
|c 12563
|
| 245 |
1 |
4 |
|a The cambridge guide to teaching speakers of other languages /
|c edited by Ronald Carter and David Nunan
|
| 260 |
|
|
|a Cambridge :
|b Cambridge University Press,
|c c2001.[13th printing 2011, 15th printing 2013]
|
| 300 |
|
|
|a x, 294 p. :
|b ill. ;
|c 24 cm.
|
| 504 |
|
|
|a Includes bibliographical references (p. 229-273) and index.
|
| 541 |
|
|
|a 00025577
|
| 650 |
|
0 |
|a English language
|x Study and teaching
|x Foreign speakers.
|9 5754
|
| 650 |
|
0 |
|a English teachers
|x Training of.
|9 9639
|
| 700 |
1 |
|
|a Carter, Ronald.
|9 9640
|
| 700 |
1 |
|
|a Nunan, David.
|9 9641
|
| 852 |
1 |
|
|a Ayesha Abed Library
|j General shelf
|
| 942 |
|
|
|2 ddc
|c BK
|
| 952 |
|
|
|0 0
|1 0
|4 0
|6 428_007110000000000_CAM
|7 0
|9 20729
|a BRACUL
|b BRACUL
|c GEN
|d 2012-07-12
|e Amazon.com
|g 25.61
|l 1
|m 24
|o 428.00711 CAM
|p 3010025577
|q 2026-06-02
|r 2025-11-18
|s 2025-11-18
|t 1
|w 2012-07-16
|y BK
|
| 952 |
|
|
|0 0
|1 0
|2 ddc
|4 0
|6 428_007110000000000_CAM
|7 0
|9 20988
|a BRACUL
|b BRACUL
|c GEN
|d 2012-08-07
|e Riza Enterprise
|g 1960.00
|l 8
|m 36
|o 428.00711 CAM
|p 3010025878
|r 2026-01-17
|s 2026-01-06
|t 2
|w 2012-08-07
|y BK
|
| 952 |
|
|
|0 0
|1 0
|2 ddc
|4 0
|6 428_007110000000000_CAM
|7 0
|9 53127
|a BRACUL
|b BRACUL
|c GEN
|d 2015-03-15
|e Riza Enterprises
|g 1527.54
|l 3
|m 7
|o 428.00711 CAM
|p 3010029078
|r 2020-01-11
|s 2020-01-07
|t 3
|w 2015-03-15
|y BK
|